Bài tập hàm biến phức

Đưa ra một số bài tập về hàm kiến phức và những hướng dẫn lời giải cụ thể của từng bài: Hàm chỉnh hình, ánh xạ bảo giác, thặng dư và ứng dụng

में बचाया:
ग्रंथसूची विवरण
मुख्य लेखक: Nguyễn, Văn Trào
स्वरूप: पुस्तक
भाषा:Undetermined
प्रकाशित: Hà Nội Đại học Sư phạm 2009
विषय:
टैग : टैग जोड़ें
कोई टैग नहीं, इस रिकॉर्ड को टैग करने वाले पहले व्यक्ति बनें!
Thư viện lưu trữ: Trung tâm Học liệu Trường Đại học Cần Thơ
LEADER 00831nam a2200205Ia 4500
001 CTU_199866
008 210402s9999 xx 000 0 und d
020 |c 17000 
082 |a 515.9 
082 |b Tr108 
100 |a Nguyễn, Văn Trào 
245 0 |a Bài tập hàm biến phức 
245 0 |c Nguyễn Văn Trào, Phạm Nguyễn Thu Trang 
260 |a Hà Nội 
260 |b Đại học Sư phạm 
260 |c 2009 
520 |a Đưa ra một số bài tập về hàm kiến phức và những hướng dẫn lời giải cụ thể của từng bài: Hàm chỉnh hình, ánh xạ bảo giác, thặng dư và ứng dụng 
650 |a Functions Of Complex Variables 
904 |i Bằng 
980 |a Trung tâm Học liệu Trường Đại học Cần Thơ